| 000 | 00707nam a2200217 i 4500 | ||
|---|---|---|---|
| 001 | 132475 | ||
| 003 | ES-MaACL | ||
| 005 | 20241001114948.0 | ||
| 007 | t| | ||
| 008 | 070214s1960 sp r ||||1| spa d | ||
| 080 | _a821.134.2.09"18" | ||
| 100 | 1 |
_aRomero Mendoza, Pedro. _999413 |
|
| 245 | 1 | 0 |
_aSiete ensayos sobre el romanticismo español. _n1 / _cPedro Romero Mendoza. |
| 260 |
_aCáceres : _bDiputación Provincial, _c1960. |
||
| 300 |
_a1 v. (526 p., [43] h. de lám.) ; _c25 cm. |
||
| 650 | 4 |
_aRomanticismo (Literatura)- _zEspaña. _9151161 |
|
| 710 | 1 |
_aCáceres (Provincia). _bDiputación _9238999 |
|
| 852 | 4 |
_aES-MaACL _jP-797-Bis |
|
| 942 | _2udc | ||
| 999 |
_c132475 _d132475 |
||